| 000 | 00435nam a2200145Ia 4500 | ||
|---|---|---|---|
| 008 | 230917s9999||||xx |||||||||||||| ||und|| | ||
| 040 |
_e38221 _aMAIN |
||
| 041 | _aEnglish | ||
| 082 | _a780.954 S16S | ||
| 100 | _aSubramaniam, V, ed. | ||
| 245 | 0 | _aSacred and the secular in India's performing arts: Ananda K Comaraswamy centenary essays | |
| 260 |
_aNew Delhi _bAshish Publishing House _c1980 |
||
| 300 | _axx, 185 p. | ||
| 942 | _cBK | ||
| 999 |
_c219328 _d219328 |
||